Return to professional pride (Record no. 117237)

MARC details
000 -LEADER
fixed length control field 01021cam a2200241 4500
001 - CONTROL NUMBER
control field ABS67758
008 - FIXED-LENGTH DATA ELEMENTS--GENERAL INFORMATION
fixed length control field 040423n2004 000 0 eng u
035 ## - SYSTEM CONTROL NUMBER
System control number (Sirsi) u125939
100 ## - MAIN ENTRY--PERSONAL NAME
Personal name Hill, K.
245 ## - TITLE STATEMENT
Title Return to professional pride
260 ## - PUBLICATION, DISTRIBUTION, ETC.
Date of publication, distribution, etc. 2004
490 ## - SERIES STATEMENT
Series statement Planning (for the Natural and Built Environment)
Volume/sequential designation (1563) 2 April 2004, 2(1)
520 ## - SUMMARY, ETC.
Summary, etc. Explains government policy on planning outlining its commitment to sustainable development, spatial planning and community planning. "Consultation paper on Planning Policy Statement (PPS) 1 : creating sustainable communities" (J125501) and "Community involvement in planning: the government's objectives" (J125502) outline the government's views on these themes. Closing date for consultation is 21 May 2004.
590 ## - LOCAL NOTE (RLIN)
Local note ABS
590 ## - LOCAL NOTE (RLIN)
Local note ABS
650 ## - SUBJECT ADDED ENTRY--TOPICAL TERM
Topical term or geographic name entry element PPS1
650 ## - SUBJECT ADDED ENTRY--TOPICAL TERM
Topical term or geographic name entry element PLANNING POLICY
650 ## - SUBJECT ADDED ENTRY--TOPICAL TERM
Topical term or geographic name entry element COMMUNITIES PLAN
650 ## - SUBJECT ADDED ENTRY--TOPICAL TERM
Topical term or geographic name entry element PLANNING GUIDANCE
650 ## - SUBJECT ADDED ENTRY--TOPICAL TERM
Topical term or geographic name entry element COMMUNITY INVOLVEMENT
690 ## - LOCAL SUBJECT ADDED ENTRY--TOPICAL TERM (OCLC, RLIN)
Topical term or geographic name as entry element PLANNING-PRACTICE
942 ## - ADDED ENTRY ELEMENTS (KOHA)
Suppress in OPAC 0
Holdings
Withdrawn status Lost status Source of classification or shelving scheme Damaged status Not for loan Home library Current library Shelving location Date acquired Total Checkouts Full call number Barcode Date last seen Copy number Price effective from Koha item type
    Dewey Decimal Classification     London London Journal article 23/04/2004   ABS67758 125939-1001 06/08/2019 1 06/08/2019 Journal article